[Event "Gibraltar Open"]
[Site "Caleta ENG"]
[Date "2012.01.30"]
[Round "7.54"]
[White "Becking, Franz Josef"]
[Black "Wantiez, Fabrice"]
[Result "0-1"]
[BlackTitle "FM"]
[WhiteElo "1956"]
[BlackElo "2366"]
[WhiteFideId "4632540"]
[BlackFideId "202274"]
[EventDate "2012.01.24"]

1. e4 e5 2. Nf3 Nc6 3. Nc3 Bb4 4. Nd5 Nf6 5. Nxb4 Nxb4 6. d4 Nxe4 7. dxe5 d5 8.
a3 Nc6 9. Bd3 Bg4 10. h3 Bxf3 11. gxf3 Nc5 12. Bf4 f6 13. Qe2 Ne6 14. Bg3 Ned4
15. Qe3 fxe5 16. Bxe5 O-O 17. f4 Nxe5 18. fxe5 Nf3+ 19. Kd1 Qh4 20. c3 d4 21.
Qe2 dxc3 22. bxc3 Rad8 23. Kc1 Qf4+ 24. Kb2 Nxe5 25. Rad1 Qxf2 26. Qxf2 0-1

[Event "Gibraltar Open"]
[Site "Caleta ENG"]
[Date "2012.01.30"]
[Round "7.57"]
[White "Cernousek, Lukas"]
[Black "Duport, Nicolas"]
[Result "1-0"]
[WhiteTitle "IM"]
[WhiteElo "2438"]
[BlackElo "2200"]
[WhiteFideId "311707"]
[BlackFideId "1314424"]
[EventDate "2012.01.24"]

1. d4 Nf6 2. c4 e6 3. g3 d5 4. Nf3 Bb4+ 5. Bd2 Be7 6. Bg2 O-O 7. O-O c6 8. Qc2
b6 9. Rd1 Ba6 10. b3 Nbd7 11. a4 c5 12. Na3 Bb7 13. Qb2 Ne4 14. Be1 Bf6 15. b4
Rb8 16. Rac1 a6 17. Qb1 Qe7 18. cxd5 exd5 19. bxc5 bxc5 20. Nc2 Rfc8 21. Qa2 g6
22. dxc5 Rxc5 23. Ncd4 Rbc8 24. Rxc5 Qxc5 25. Bh3 Rc7 26. Nb3 Qe7 27. Nfd4 Ne5
28. Na5 Nc4 29. Qb3 Ng5 30. Bf1 Bc8 31. Ndc6 Qc5 32. Bb4 Nxa5 33. Nxa5 Qb6 34.
Be1 Qa7 35. h4 Ne4 36. Bg2 Be6 37. Qd3 Qc5 38. Bxe4 dxe4 39. Qxe4 Kg7 40. Bb4
Qb6 41. Qf4 Rd7 42. Rc1 Rd5 43. Nc6 Rf5 44. a5 Qb5 45. Qd6 h6 46. e4 Rh5 47.
Qf8+ Kh7 48. Ne7 Bxe7 49. Qxe7 Qd7 50. Qf6 Qe8 51. Bc3 Qf8 52. Rd1 Rc5 53. Rd8
Qxd8 54. Qg7# 1-0

[Event "Gibraltar Open"]
[Site "Caleta ENG"]
[Date "2012.01.30"]
[Round "7.58"]
[White "Lyrberg, Patrik"]
[Black "Kyas, Juergen"]
[Result "1-0"]
[WhiteTitle "IM"]
[WhiteElo "2435"]
[BlackElo "2195"]
[WhiteFideId "1701975"]
[BlackFideId "4618157"]
[EventDate "2012.01.24"]

1. Nf3 c5 2. c4 g6 3. d4 cxd4 4. Nxd4 Nc6 5. e4 Nf6 6. Nc3 d6 7. Be2 Nxd4 8.
Qxd4 Bg7 9. Be3 O-O 10. Qd2 a5 11. O-O a4 12. f3 Qa5 13. Rac1 Bd7 14. c5 Be6 15.
cxd6 exd6 16. Rfd1 Rfd8 17. Bd4 Rac8 18. Qe3 Qh5 19. Qf2 Re8 20. a3 Bb3 21. Re1
Qa5 22. Bf1 h6 23. Nb5 Rxc1 24. Rxc1 Qd8 25. Nc3 Qa5 26. Nb5 Qd8 27. Qd2 d5 28.
e5 Nd7 29. f4 b6 30. Nd6 Rf8 31. Rc8 Qe7 32. Rc7 Qd8 33. Ra7 Nc5 34. Bxc5 bxc5
35. Bb5 c4 36. Rb7 h5 37. Bc6 d4 38. Qxd4 Qa5 39. Qe3 Bh6 40. h4 c3 41. bxc3
Bxf4 42. Qxf4 Qc5+ 43. Kh2 Qxc6 44. c4 Qc5 45. Rxf7 Rxf7 46. Qxf7+ Kh8 47. Qf6+ 1-0

[Event "Gibraltar Open"]
[Site "Caleta ENG"]
[Date "2012.01.30"]
[Round "7.59"]
[White "Adler, Bo"]
[Black "Bellon Lopez, Juan Manuel"]
[Result "0-1"]
[BlackTitle "GM"]
[WhiteElo "2167"]
[BlackElo "2422"]
[WhiteFideId "1702149"]
[BlackFideId "2200031"]
[EventDate "2012.01.24"]

1. d4 d5 2. c4 c6 3. Nc3 Nf6 4. Nf3 e6 5. Bg5 Nbd7 6. cxd5 exd5 7. e3 h6 8. Bh4
Be7 9. Qc2 O-O 10. Bd3 Re8 11. O-O Ne4 12. Bxe7 Qxe7 13. Bxe4 dxe4 14. Nd2 Nf6
15. Rae1 b6 16. f3 Ba6 17. Rf2 Bd3 18. Qb3 exf3 19. gxf3 Rad8 20. Nce4 Bxe4 21.
fxe4 Nxe4 22. Nxe4 Qxe4 23. Qxf7+ Kh8 24. Rf4 Qd5 25. Qxd5 Rxd5 26. Kf2 c5 27.
dxc5 Rxc5 28. Re2 Re7 29. h4 Kh7 30. Kf3 Rc1 31. e4 g5 32. hxg5 hxg5 33. Rf5 Kg6
34. Ke3 Rh1 35. Rg2 Rxe4+ 36. Kxe4 Re1+ 37. Kf3 Kxf5 38. Rd2 g4+ 39. Kf2 Re7 40.
Rd8 Rc7 41. Kg3 Rc2 42. Rd5+ Ke6 43. Rb5 Rc4 44. Rg5 Rb4 45. b3 a5 46. Rh5 Kd6
47. Rg5 Rd4 48. Rh5 Rd2 49. b4 axb4 50. Rb5 Rxa2 51. Kxg4 Rf2 52. Kg3 Rf8 53.
Rxb4 Kc5 54. Rb1 b5 55. Rc1+ Kd4 56. Rb1 Kc4 57. Rc1+ Kd3 58. Rb1 Rb8 59. Kf2 b4
60. Rd1+ Kc2 61. Rd7 Re8 0-1

[Event "Gibraltar Open"]
[Site "Caleta ENG"]
[Date "2012.01.30"]
[Round "7.61"]
[White "Vinas Guerrero, Carlos A."]
[Black "Houska, Jovanka"]
[Result "0-1"]
[BlackTitle "IM"]
[WhiteElo "2160"]
[BlackElo "2414"]
[WhiteFideId "2216868"]
[BlackFideId "405094"]
[EventDate "2012.01.24"]

1. e4 c6 2. d4 d5 3. Nc3 dxe4 4. Nxe4 Bf5 5. Ng3 Bg6 6. Nf3 Nd7 7. Bd3 e6 8. O-O
Ngf6 9. c4 Qc7 10. Qe2 Bxd3 11. Qxd3 Be7 12. Bd2 O-O 13. Bc3 Rfd8 14. Qe2 a5 15.
Rfe1 Bb4 16. Rac1 Bxc3 17. Rxc3 a4 18. Ne5 Nf8 19. Rd1 Ng6 20. Nxg6 hxg6 21. Ne4
Nxe4 22. Qxe4 Ra5 23. g3 Rf5 24. Rcd3 b5 25. b3 g5 26. R1d2 bxc4 27. bxc4 Qb7
28. Kg2 Ra5 29. Qf3 Rd6 30. h3 Rf5 31. Qe4 Qb4 32. Rc2 Ra5 33. Rdd2 Ra8 34. Qe5
Rad8 35. Rd1 f6 36. Qe2 e5 37. d5 Qa5 38. Rcd2 Qb4 39. Qe4 Qc5 40. Rd3 Rc8 41.
Rb1 cxd5 42. Rxd5 Rxd5 43. cxd5 Qc2 44. Rb4 a3 45. d6 Qxa2 46. d7 Rd8 47. Qc6
Qf7 48. Ra4 Rxd7 49. Ra8+ Kh7 50. Qc2+ f5 51. Rxa3 Qd5+ 52. Kh2 e4 53. Qe2 Kg6
54. Ra6+ Rd6 55. g4 Rf6 56. gxf5+ Qxf5 57. Ra2 Qe5+ 58. Kg2 Rf3 59. Ra4 Rf4 60.
Ra3 Qd5 61. Re3 Kh6 62. Qa6+ Kh5 63. Qc8 Qd2 64. Qh8+ Kg6 65. Qe8+ Kh7 66. Qh5+
Kg8 67. Qe2 Qd5 68. Qh5 Rh4 69. Qg6 Kf8 70. Kf1 Rf4 71. Qh5 Qf5 72. Qe2 g4 73.
hxg4 Rxg4 74. Rh3 Qg5 75. Rg3 Rxg3 76. fxg3 Qxg3 77. Qxe4 Qg5 78. Qa8+ Kf7 79.
Qb7+ Kg6 80. Qa8 Kh5 81. Qe8+ Kh4 82. Qe4+ Qg4 83. Qh7+ Kg3 84. Ke1 Qe6+ 85. Kd1
Qd6+ 86. Ke2 g5 87. Qh8 Qe6+ 88. Kd3 Qf5+ 89. Kc4 Qe4+ 90. Kb5 g4 91. Qc3+ Kf2
92. Qc5+ Qe3 93. Qf5+ Qf3 94. Qc5+ Kg2 95. Qc2+ Kg1 96. Qc5+ Qf2 97. Qg5 g3 98.
Kc6 Qc2+ 99. Kb7 Qe4+ 100. Ka6 g2 101. Qc5+ Kf1 102. Qc1+ Kf2 103. Qc5+ Ke2 104.
Qh5+ Kf1 105. Qd1+ Kf2 0-1

[Event "Gibraltar Open"]
[Site "Caleta ENG"]
[Date "2012.01.30"]
[Round "7.62"]
[White "Getz, Nicolai"]
[Black "Amos, Frank"]
[Result "1-0"]
[WhiteTitle "IM"]
[WhiteElo "2408"]
[BlackElo "2171"]
[WhiteFideId "1505572"]
[BlackFideId "4635442"]
[EventDate "2012.01.24"]

1. c4 g6 2. g3 Bg7 3. Bg2 d6 4. Nc3 e5 5. d3 Nc6 6. e3 f5 7. Nge2 Nf6 8. Rb1 a5
9. O-O O-O 10. a3 Ne7 11. b4 axb4 12. axb4 c6 13. b5 d5 14. Qb3 Be6 15. cxd5
Nexd5 16. bxc6 bxc6 17. Qc2 Qa5 18. Nd1 Qa4 19. Qxa4 Rxa4 20. Ndc3 Ra7 21. Bd2
Rd8 22. d4 Nd7 23. Nxd5 Bxd5 24. Bxd5+ cxd5 25. Rb5 Ra2 26. Rd1 exd4 27. Nxd4
Bxd4 28. exd4 Nf8 29. Bg5 Rd7 30. Re1 Kf7 31. Rb6 Rda7 32. Re5 h6 33. Bd8 Rd7
34. Rf6+ Kg7 35. Re7+ Rxe7 36. Bxe7 Nh7 37. Rd6 Ra5 38. Rd7 Kg8 39. h4 g5 40. h5
Rb5 41. Kg2 Ra5 42. Rd6 Ra7 43. Bd8 Ra8 44. Rxd5 Nf8 45. Rd6 Kf7 46. d5 Rb8 47.
Rf6+ Ke8 48. Bc7 Rb5 49. d6 g4 50. Rxf8+ 1-0

[Event "Gibraltar Open"]
[Site "Caleta ENG"]
[Date "2012.01.30"]
[Round "7.64"]
[White "Kakulia, Shalva"]
[Black "Ansell, Simon T"]
[Result "0-1"]
[BlackTitle "IM"]
[WhiteElo "2133"]
[BlackElo "2373"]
[WhiteFideId "13602306"]
[BlackFideId "402141"]
[EventDate "2012.01.24"]

1. e4 c6 2. d4 d5 3. e5 Bf5 4. Bd3 Bxd3 5. Qxd3 e6 6. Ne2 c5 7. c3 Nc6 8. a3
Nge7 9. b4 cxd4 10. cxd4 Rc8 11. O-O Nf5 12. g4 Nh4 13. Ng3 Nxd4 14. f4 Nhf3+
15. Kh1 Qh4 16. Ra2 Qxg4 17. Bb2 Qg6 18. f5 Qg4 19. Bxd4 Nxd4 20. fxe6 fxe6 21.
Raf2 Nc6 22. Rf4 Qg6 23. Qe2 Be7 24. Nc3 Rf8 25. Rxf8+ Bxf8 26. Nh5 Nd4 27. Qf2
Qf5 28. Qxf5 Nxf5 29. Nxd5 g6 30. Nhf6+ Kf7 31. Nf4 Be7 32. Rd1 Bxf6 33. exf6
Rc7 34. Re1 Nd4 35. Re4 Rd7 36. Nd3 Kxf6 37. Nc5 Rd5 38. Nxb7 Kf5 39. Re1 Nf3
40. Rf1 Kg4 41. Nc5 Rd2 42. h3+ Kf4 43. Nxe6+ Kg3 0-1

[Event "Gibraltar Open"]
[Site "Caleta ENG"]
[Date "2012.01.30"]
[Round "7.65"]
[White "Graf, Felix"]
[Black "Lipecki, Alexander"]
[Result "1/2-1/2"]
[WhiteElo "2367"]
[BlackElo "2159"]
[WhiteFideId "24608904"]
[BlackFideId "1303511"]
[EventDate "2012.01.24"]

1. d4 Nf6 2. c4 e6 3. Nf3 d5 4. Nc3 Be7 5. Bg5 a6 6. cxd5 exd5 7. e3 O-O 8. Bd3
Re8 9. Qc2 h6 10. Bh4 Be6 11. O-O Nbd7 12. Rac1 c5 13. dxc5 Bxc5 14. Rfd1 Rc8
15. Qd2 b5 16. a4 b4 17. Ne2 Qb6 18. a5 Qa7 19. Nfd4 Ng4 20. f3 Nge5 21. Bf2
Nxd3 22. Qxd3 Ne5 23. Qb1 Nc4 24. Nf4 Nxa5 1/2-1/2

[Event "Gibraltar Open"]
[Site "Caleta ENG"]
[Date "2012.01.30"]
[Round "7.66"]
[White "Seyfried, Claus"]
[Black "Fenollar Jorda, Manuel"]
[Result "0-1"]
[BlackTitle "FM"]
[WhiteElo "2141"]
[BlackElo "2360"]
[WhiteFideId "1271085"]
[BlackFideId "2217104"]
[EventDate "2012.01.24"]

1. e4 e5 2. Nf3 Nc6 3. d4 exd4 4. Nxd4 Bc5 5. Be3 Qf6 6. c3 Nge7 7. f4 d5 8. e5
Qg6 9. Qd2 Bxd4 10. cxd4 Bf5 11. Nc3 Nb4 12. O-O-O Nec6 13. b3 a5 14. Kb2 a4 15.
Nxa4 O-O 16. a3 Nc2 17. Rc1 Nxe3 18. Qxe3 Ra5 19. Rc5 Rfa8 20. Rxa5 Nxa5 21. Nc5
Qb6 22. Ka2 Nc6 23. Kb2 Qa5 24. b4 Nxb4 25. Nxb7 Qb6 26. axb4 Qxb4+ 0-1

[Event "Gibraltar Open"]
[Site "Caleta ENG"]
[Date "2012.01.30"]
[Round "7.67"]
[White "Kandic, Milan"]
[Black "Vojinovic, Jovana"]
[Result "0-1"]
[BlackTitle "WGM"]
[WhiteElo "2131"]
[BlackElo "2359"]
[WhiteFideId "926752"]
[BlackFideId "937266"]
[EventDate "2012.01.24"]

1. e4 c5 2. Nf3 e6 3. d4 cxd4 4. Nxd4 d6 5. Nc3 Nf6 6. Be2 Be7 7. O-O Nc6 8. Be3
e5 9. Nf5 Bxf5 10. exf5 d5 11. Bg5 Ng8 12. f4 Bxg5 13. fxg5 Qxg5 14. Nxd5 O-O-O
15. c4 Nf6 16. Kh1 Kb8 17. Qa4 Nxd5 18. cxd5 Rxd5 19. Bf3 Rd4 20. Qb3 e4 21. Be2
Rd2 0-1

[Event "Gibraltar Open"]
[Site "Caleta ENG"]
[Date "2012.01.30"]
[Round "7.68"]
[White "Henriksson, Johan"]
[Black "Daurelle, Herve"]
[Result "1-0"]
[WhiteElo "2308"]
[BlackElo "2148"]
[WhiteFideId "1703560"]
[BlackFideId "602655"]
[EventDate "2012.01.24"]

1. d4 Nf6 2. Nf3 e6 3. g3 c5 4. Bg2 cxd4 5. O-O d5 6. Nxd4 e5 7. Nb3 Be6 8. e4
Nc6 9. Bg5 dxe4 10. N1d2 Be7 11. Bxf6 gxf6 12. Nxe4 Qb6 13. Nd6+ Bxd6 14. Qxd6
Rd8 15. Qc5 Bxb3 16. Qxb6 axb6 17. Bxc6+ bxc6 18. axb3 Ke7 19. Ra6 Rd2 20. Rc1
Rb8 21. Kf1 c5 22. Ke1 Rd6 23. Rd1 Rbd8 24. Ra7+ R6d7 25. Rdxd7+ Rxd7 26. Ra8
Rd8 27. Rxd8 Kxd8 28. Kd2 f5 29. c4 Ke7 30. Kc3 Kd6 31. b4 f4 32. bxc5+ bxc5 33.
gxf4 exf4 34. b4 cxb4+ 35. Kxb4 Kc6 36. c5 f3 37. Kc4 Kc7 38. Kd5 Kd7 39. c6+
Kc7 40. Kc5 Kc8 41. Kd6 Kd8 42. c7+ Kc8 43. Kc6 h5 44. Kd6 h4 45. Kc6 h3 46. Kd6
f6 47. Kc6 f5 48. Kd6 f4 49. Ke5 Kxc7 50. Kxf4 1-0

[Event "Gibraltar Open"]
[Site "Caleta ENG"]
[Date "2012.01.30"]
[Round "7.71"]
[White "Choukri, Adel"]
[Black "Georgiadis, Nico"]
[Result "1-0"]
[BlackTitle "FM"]
[WhiteElo "2115"]
[BlackElo "2291"]
[WhiteFideId "9000399"]
[BlackFideId "1300113"]
[EventDate "2012.01.24"]

1. d4 Nf6 2. c4 c5 3. d5 b5 4. cxb5 a6 5. b6 d6 6. g3 Nbd7 7. Bg2 Rb8 8. Nf3 g6
9. O-O Bg7 10. Nc3 O-O 11. e4 Rxb6 12. Re1 Ne8 13. Qc2 Nc7 14. Bf4 Nf6 15. h3
Nb5 16. Rad1 Rb7 17. e5 Ne8 18. a4 Nxc3 19. bxc3 Bf5 20. Qa2 Qb8 21. g4 Rb2 22.
Qc4 Bd7 23. Qxa6 Qb3 24. Qa7 Bxa4 25. Qxe7 Qc4 26. Bc1 Bxd1 27. Bxb2 Bxf3 28.
Bxf3 Qf4 29. exd6 Nxd6 30. Kg2 Re8 31. Qxe8+ Nxe8 32. Rxe8+ Bf8 33. c4 f6 34. d6
Qxd6 35. Bd5+ Kh8 36. g5 h6 37. Bxf6+ Kh7 38. Be5 1-0

[Event "Gibraltar Open"]
[Site "Caleta ENG"]
[Date "2012.01.30"]
[Round "7.72"]
[White "Phadke, Sohan"]
[Black "Ungureanu, Sandu"]
[Result "1/2-1/2"]
[WhiteElo "2290"]
[BlackElo "2039"]
[WhiteFideId "5016223"]
[BlackFideId "1212311"]
[EventDate "2012.01.24"]

1. e4 c5 2. Nf3 d6 3. d4 cxd4 4. Nxd4 Nf6 5. Nc3 g6 6. Be3 Bg7 7. f3 a6 8. Qd2
Nc6 9. g4 h6 10. Bc4 Bd7 11. h4 Rc8 12. Bb3 b5 13. O-O-O Qa5 14. g5 hxg5 15.
hxg5 Rxh1 16. Rxh1 Nh5 17. Nxc6 Rxc6 18. Bd4 Bxd4 19. Qxd4 Be6 20. Rxh5 gxh5 21.
g6 b4 22. Bd5 Rc8 23. g7 Kd7 24. Na4 Qxa4 25. Qa7+ Rc7 26. Qxc7+ Kxc7 27. g8=Q
Bxd5 28. exd5 b3 29. axb3 Qf4+ 30. Kb1 Qxf3 31. Qa8 Qf1+ 32. Ka2 Qb5 33. c4 Qa5+
34. Kb1 Qe1+ 35. Ka2 1/2-1/2

[Event "Gibraltar Open"]
[Site "Caleta ENG"]
[Date "2012.01.30"]
[Round "7.73"]
[White "Skutta, Bernd"]
[Black "Adrian, Claude"]
[Result "0-1"]
[BlackTitle "IM"]
[WhiteElo "2078"]
[BlackElo "2271"]
[WhiteFideId "4666950"]
[BlackFideId "601071"]
[EventDate "2012.01.24"]

1. d4 e6 2. Nf3 Nf6 3. c4 c5 4. d5 b5 5. Bf4 exd5 6. cxd5 Qa5+ 7. Nc3 b4 8. Nb1
Ba6 9. Nbd2 d6 10. a3 Be7 11. e4 Bxf1 12. Kxf1 O-O 13. g4 Nbd7 14. h3 Rfe8 15.
Kg2 Bf8 16. Re1 Nb6 17. Qc2 bxa3 18. Rxa3 Qb4 19. Ree3 Nbxd5 20. Reb3 Nxf4+ 21.
Kh2 d5 22. Rxb4 cxb4 23. Re3 Rac8 24. Qb3 Bc5 25. Re1 Bxf2 26. Rf1 Bc5 27. e5
Nd7 28. Ng5 Rxe5 29. Rxf4 Rxg5 30. Rf5 Rxf5 31. gxf5 Nf6 32. Nf3 h6 33. Kg2 Re8
34. Qd3 Nh5 35. Qb5 Re2+ 36. Qxe2 Nf4+ 37. Kf1 Nxe2 38. Kxe2 Kf8 39. b3 Ke7 40.
Ne5 Bd6 41. Ng4 Bf4 42. Kf3 h5 43. f6+ gxf6 44. Nf2 Bd6 45. Nd3 Ke6 46. Ke3 f5
47. Kf3 f4 0-1

[Event "Gibraltar Open"]
[Site "Caleta ENG"]
[Date "2012.01.30"]
[Round "7.74"]
[White "De Seroux, Camille"]
[Black "Bisby, Daniel L"]
[Result "1/2-1/2"]
[BlackTitle "FM"]
[WhiteElo "2076"]
[BlackElo "2264"]
[WhiteFideId "1305620"]
[BlackFideId "404586"]
[EventDate "2012.01.24"]

1. e4 c5 2. Nf3 d6 3. c3 Nf6 4. h3 Nbd7 5. Bd3 b6 6. O-O Bb7 7. Re1 Qc7 8. Bc2
Rc8 9. a4 a6 10. Na3 e6 11. d3 Be7 12. Bf4 O-O 13. Qe2 Rfe8 14. Nc4 b5 15. Ne3
Qb6 16. Nh2 Bf8 17. Nhg4 d5 18. Nxf6+ Nxf6 19. e5 Nd7 20. d4 cxd4 21. Qd3 g6 22.
cxd4 bxa4 23. Rxa4 a5 24. Rea1 Ba6 25. Qd1 Bb4 26. Ng4 Bb5 27. R4a2 Bc4 28. Ba4
Bb5 29. Bb3 Bc4 30. Ba4 Bb5 31. Bxb5 Qxb5 32. Qf3 Rf8 33. Bh6 Rfe8 34. Rxa5 Qb6
35. Ra7 Rc7 36. R1a6 Qxa7 37. Rxa7 Rxa7 38. Kh2 Bf8 39. Bg5 Bg7 40. Qf4 Rb7 41.
Qc1 h5 42. Qc6 Reb8 43. Ne3 Nf8 44. Nd1 Rb6 45. Qc7 R6b7 46. Qc6 Rb4 47. Qd6
R8b7 48. Be3 Nd7 49. Qc6 R4b6 50. Qc8+ Nf8 51. Bd2 Rb8 52. Qc7 R8b7 53. Qc8 Rb8
54. Qc7 1/2-1/2

[Event "Gibraltar Open"]
[Site "Caleta ENG"]
[Date "2012.01.30"]
[Round "7.76"]
[White "Becker, Carsten"]
[Black "Vaarala, Eric"]
[Result "0-1"]
[WhiteElo "2001"]
[BlackElo "2238"]
[WhiteFideId "24646822"]
[BlackFideId "1711962"]
[EventDate "2012.01.24"]

1. e4 e6 2. d4 d5 3. e5 c5 4. c3 Nc6 5. Nf3 Qb6 6. Be2 f6 7. a3 Bd7 8. b4 fxe5
9. b5 Na5 10. Nxe5 Nf6 11. Bg5 Be7 12. Nxd7 Kxd7 13. O-O h6 14. dxc5 Bxc5 15.
Bxf6 gxf6 16. c4 Bd4 17. cxd5 Bxa1 18. dxe6+ Kxe6 19. Qc2 Be5 20. Kh1 Ke7 21. f4
Rac8 22. Qg6 Rcg8 23. Qd3 Qd4 24. fxe5 Qxd3 25. exf6+ Kf7 26. Bxd3 Rd8 27. Be2
Rd5 28. Nc3 Re5 29. Bf3 Kxf6 30. Bxb7+ Ke7 31. Bf3 Rd8 32. h3 Rd3 33. Rc1 Nb3
34. Rc2 Nd4 0-1

[Event "Gibraltar Open"]
[Site "Caleta ENG"]
[Date "2012.01.30"]
[Round "7.77"]
[White "Stone, Andrew M"]
[Black "Hamer, Martyn"]
[Result "1/2-1/2"]
[WhiteElo "2237"]
[BlackElo "2010"]
[WhiteFideId "404985"]
[BlackFideId "413160"]
[EventDate "2012.01.24"]

1. c4 e6 2. g3 d5 3. Bg2 Nf6 4. Nf3 Be7 5. O-O O-O 6. b3 c5 7. Bb2 Nc6 8. e3 b6
9. Nc3 Bb7 10. cxd5 Nxd5 11. Nxd5 Qxd5 12. d4 Rad8 13. Ne5 Qd6 14. dxc5 Qxc5 15.
Nd7 Qf5 16. e4 Qg5 17. h4 Qh6 18. Bc1 g5 19. hxg5 Qg7 20. e5 Kh8 21. Bf4 Ba3 22.
Nxf8 Rxd1 23. Raxd1 Qxf8 24. Rd7 Qc8 25. Rxf7 Kg8 26. Rf6 Be7 27. Rh6 Bf8 28.
Rh4 Nd4 29. Kh2 Bxg2 30. Kxg2 Qc6+ 31. f3 1/2-1/2

[Event "Gibraltar Open"]
[Site "Caleta ENG"]
[Date "2012.01.30"]
[Round "7.78"]
[White "Auvinen, Esa"]
[Black "Dunn, Andrew"]
[Result "0-1"]
[BlackTitle "CM"]
[WhiteElo "1926"]
[BlackElo "2233"]
[WhiteFideId "501069"]
[BlackFideId "401960"]
[EventDate "2012.01.24"]

1. e4 c6 2. d4 d5 3. exd5 cxd5 4. c4 Nf6 5. Nc3 Nc6 6. Nf3 Bg4 7. cxd5 Nxd5 8.
Be2 e6 9. O-O Be7 10. Be3 O-O 11. Qd2 Qa5 12. Rfd1 Bb4 13. Rac1 Rfd8 14. a3 Nxc3
15. bxc3 Be7 16. Rb1 Qc7 17. Bf4 Qd7 18. Qe3 Bf5 19. Rb2 a6 20. Ne5 Nxe5 21.
Bxe5 Rac8 22. Bf3 b5 23. a4 bxa4 24. Rb7 Qe8 25. Ra7 a3 26. Rxa6 Qb5 27. Ra7 Qb2
28. Qe1 Bf8 29. Rc1 a2 30. Rb7 Qa3 31. h3 Rxc3 32. Ra1 Rdc8 33. Bf4 Rxf3 34.
gxf3 Qxf3 0-1

[Event "Gibraltar Open"]
[Site "Caleta ENG"]
[Date "2012.01.30"]
[Round "7.79"]
[White "Benmesbah, Natacha"]
[Black "Mihajlov, Sebastian"]
[Result "1-0"]
[WhiteTitle "WIM"]
[WhiteElo "2228"]
[BlackElo "1974"]
[WhiteFideId "642002"]
[BlackFideId "1512110"]
[EventDate "2012.01.24"]

1. e4 e5 2. Bc4 Bc5 3. Nc3 Nf6 4. d3 d6 5. Nf3 h6 6. Na4 Bb6 7. Nxb6 axb6 8. c3
O-O 9. h3 Be6 10. Bxe6 fxe6 11. O-O Nc6 12. Qe2 Nh5 13. g3 Qf6 14. Nh2 Qg6 15.
Qg4 Qf7 16. Be3 d5 17. Qe2 Qg6 18. Qg4 Qf7 19. Kg2 Nf6 20. Qe2 Qg6 21. exd5 exd5
22. Ng4 Rae8 23. Rae1 Kh7 24. Bc1 d4 25. Bd2 Kg8 26. c4 Nd7 27. Qe4 Qxe4+ 28.
dxe4 Ra8 29. Ra1 Nc5 30. f3 Ra7 31. Nf2 Rfa8 32. a3 Ra4 33. Rac1 Nb3 34. Rc2
Nxd2 35. Rxd2 Rxc4 36. Nd3 b5 37. f4 exf4 38. gxf4 b4 39. axb4 Re8 40. b5 Na7
41. b6 cxb6 42. Kf3 Nc6 43. Rg1 Kh7 44. e5 g5 45. Ke4 gxf4 46. Kxf4 Ne7 47. Rdg2
Nd5+ 48. Ke4 Nf6+ 49. Kf5 Nh5 50. Rg6 Rc6 51. Rd6 Rxd6 52. exd6 Ng7+ 53. Kf6 1-0

[Event "Gibraltar Open"]
[Site "Caleta ENG"]
[Date "2012.01.30"]
[Round "7.81"]
[White "Leimeister, Winfried"]
[Black "Urbina Perez, Juan Antonio"]
[Result "0-1"]
[BlackTitle "CM"]
[WhiteElo "1918"]
[BlackElo "2210"]
[WhiteFideId "24653721"]
[BlackFideId "2217368"]
[EventDate "2012.01.24"]

1. e4 c5 2. Nf3 d6 3. d3 g6 4. g3 Bg7 5. Bg2 Nc6 6. O-O e6 7. Nc3 Nge7 8. Be3
Nd4 9. Qd2 Nec6 10. Ne1 O-O 11. Bh6 Rb8 12. Bxg7 Kxg7 13. Nd1 e5 14. c3 Ne6 15.
Ne3 b5 16. h4 b4 17. Ng4 f5 18. exf5 gxf5 19. Qh6+ Kh8 20. Bxc6 fxg4 21. Be4 Qe7
22. Ng2 Qg7 23. Qxg7+ Kxg7 24. Ne3 Nc7 25. f3 gxf3 26. Rxf3 Rxf3 27. Bxf3 bxc3
28. bxc3 Be6 29. Bg4 Bxg4 30. Nxg4 Nd5 31. d4 exd4 32. cxd4 cxd4 33. Rc1 Nc3 34.
Rc2 h5 35. Nf2 Kf6 36. Kg2 Ke5 37. Rd2 Ne4 38. Re2 d5 39. Nd3+ Kd6 40. Nf4 Rg8
41. Nxh5 d3 42. Re3 d2 43. Rd3 Kc5 44. Kf3 Kc4 45. Ke2 Re8 46. Ra3 Nxg3+ 47.
Kxd2 Nxh5 48. Rxa7 Kd4 49. Ra4+ Ke5 50. Rg4 Nf6 51. Rb4 Ne4+ 52. Ke3 Rh8 53. a4
Rxh4 54. a5 Rh3+ 55. Ke2 Ra3 0-1

[Event "Gibraltar Open"]
[Site "Caleta ENG"]
[Date "2012.01.30"]
[Round "7.83"]
[White "Palencia, Wilson"]
[Black "Dasaolu, Adeoye"]
[Result "1-0"]
[WhiteTitle "IM"]
[WhiteElo "2324"]
[BlackElo "2103"]
[WhiteFideId "4401859"]
[BlackFideId "416061"]
[EventDate "2012.01.24"]

1. e4 c5 2. Nf3 d6 3. d4 cxd4 4. Nxd4 Nf6 5. Nc3 a6 6. Bg5 e6 7. f4 Be7 8. Qf3
Qc7 9. O-O-O Nc6 10. Nxc6 Qxc6 11. Be2 b5 12. e5 d5 13. exf6 gxf6 14. Bh4 b4 15.
Nb1 Bb7 16. Nd2 a5 17. Nb3 Rc8 18. Nd4 Qb6 19. Bb5+ Kf8 20. Rhe1 h5 21. Bd7 Rc4
22. Qe3 Qc7 23. Bxe6 Rxd4 24. Qxd4 fxe6 25. Rxe6 Kf7 26. Rde1 1-0

[Event "Gibraltar Open"]
[Site "Caleta ENG"]
[Date "2012.01.30"]
[Round "7.84"]
[White "Navarrete Espi, Samuel"]
[Black "Oberhofer, Andre"]
[Result "0-1"]
[WhiteElo "2120"]
[BlackElo "2299"]
[WhiteFideId "2237725"]
[BlackFideId "24654140"]
[EventDate "2012.01.24"]

1. e4 e5 2. Nf3 Nc6 3. Bb5 Nd4 4. Nxd4 exd4 5. Bc4 Nf6 6. Qe2 d5 7. Bxd5 Nxd5 8.
exd5+ Qe7 9. c3 d3 10. Qe3 Bg4 11. O-O Be2 12. Re1 O-O-O 13. Qxa7 Rxd5 14. c4
Rf5 15. Qe3 Qd7 16. b4 Bxb4 17. Ba3 Re8 18. Qa7 Ra5 0-1

[Event "Gibraltar Open"]
[Site "Caleta ENG"]
[Date "2012.01.30"]
[Round "7.85"]
[White "Mihajlov, Svetoslav"]
[Black "Ortega Ruiz, Jose Miguel"]
[Result "0-1"]
[BlackTitle "FM"]
[WhiteElo "2101"]
[BlackElo "2288"]
[WhiteFideId "1507168"]
[BlackFideId "2209713"]
[EventDate "2012.01.24"]

1. e4 e5 2. Nf3 Nc6 3. Bb5 Nf6 4. O-O Bc5 5. d3 d6 6. c3 O-O 7. Nbd2 Bg4 8. Re1
Ne7 9. Nf1 Ng6 10. h3 Bd7 11. Bxd7 Qxd7 12. d4 Bb6 13. Bg5 Qe6 14. d5 Qe7 15.
Ng3 h6 16. Nf5 Qd8 17. Bxh6 gxh6 18. Qd2 Nh7 19. Qxh6 Qf6 20. g3 Rae8 21. Qh5
Ne7 22. N3h4 Qg5 23. Qe2 Ng6 24. Kh1 Kh8 25. a4 a5 26. Ng2 Ne7 27. Ngh4 Ng6 28.
Ng2 Rg8 29. h4 Qf6 30. Qh5 Ne7 31. Qf3 Nxf5 32. exf5 e4 33. Rxe4 Rxe4 34. Qxe4
Bxf2 35. Rf1 Bxg3 36. Qc4 Qh6 0-1